000 00779nam a2200193Ia 4500
003 GCL
008 140319s9999 xx 000 0 ara d
040 _aGCL /
_cGCL
082 0 4 _a811.2
_bح د
100 1 _aعبدالعزيز الميمنى
245 1 0 _aديوان حميد بن ثور الهلالى: وفيه بائية ابى دواد الايارى /
_cعبدالعزيز الميمنى
700 1 _aحميد بن ثور، ابوالمثنى
300 _a173 ص
490 _aالهيئة العامة للاستعلامات
_v0
650 0 4 _aالشعر العربى - عصر صدر الاسلام
650 0 4 _aالشعر العربى - المخضرمون
650 0 4 _aالشعر العربى - تاريخ ونقد - العصر الجاهلى
942 _2ddc
_cBK
999 _c51757
_d51757